| 000 | 00605nam a2200205 a 4500 | ||
|---|---|---|---|
| 005 | 20240215063832.0 | ||
| 008 | 010706s1989 mx r 000 0 spa d | ||
| 020 | _a9684222785 | ||
| 035 | _aUPN01000109355 | ||
| 049 | _aCG | ||
| 050 | 4 |
_aHD31 _bH3.2 1989 |
|
| 100 | 1 |
_aHampton, David R., _d1933- _940257 |
|
| 245 | 1 | 0 |
_aAdministración / _cDavid R. Hampton ; tr. Marco Antonio Malfavón Martínez. |
| 250 | _a2a ed. | ||
| 260 |
_aMéxico : _bMcGraw-Hill Interamericana, _cc1989. |
||
| 300 | _axxx, 791 p. | ||
| 534 |
_pTraducción de: _tManagement |
||
| 650 | 4 |
_aAdministración _928 |
|
| 905 | _aLibro | ||
| 999 |
_c83266 _d83266 |
||